| 000 | 00417nam a2200145Ia 4500 | ||
|---|---|---|---|
| 008 | 220217s9999||||xx |||||||||||||| ||und|| | ||
| 020 | _a978-81-315-0011-8 | ||
| 082 | _a005.13 WIG | ||
| 100 |
_aWigglesworth, Joe and McMillan, Paula _95966 |
||
| 245 | 0 | _aJava programming : advanced topics | |
| 250 | _a3rd | ||
| 260 |
_aThomson/learning _bNew Delhi _c2007 |
||
| 300 | _b675 | ||
| 650 | _aPROGRAMMING LANGUAGE | ||
| 999 |
_c177213 _d177213 |
||